000 00832nam a2200229Ii 4500
003 JO-AjNU
008 230605s9999||||xx |||||||||||||| ||und||
017 _a2008/17192
020 _a977-368-178-X
040 _aJO-AjNU
_bara
_erda
_cJO-AjNU
041 _aara
050 1 4 _aHF 5549 .5 .C37. S57 2008
100 3 _aالصيرفي، محمد,
_eauthor
_944211
245 0 0 _aالادارة الالكترونية للموارد البشرية =e-H R
250 _aط1
264 3 1 _aالاسكندرية: مؤسسة حورس الدولية للنشر والتوزيع ،2008
300 _a344ص
_bيحتوي على ببلوغرافية من ص329-344ص
336 _atext
_btxt
_2rdacontent
337 _aunmediated
_bn
_2rdamedia
338 _avolume
_bnc
_2rdacarrier
650 4 _aالادارة الالكترونية
_944212
999 _aA19071
_c22639
_d22639